| 000 | 00450nam a22001817a 4500 | ||
|---|---|---|---|
| 005 | 20260324115959.0 | ||
| 008 | 260324b |||||||| |||| 00| 0 eng d | ||
| 020 | _a7893945258 | ||
| 041 | _aeng | ||
| 082 | _a340.07 | ||
| 100 |
_aDHAGE,ADV. SAURABH AJAY _98909 |
||
| 245 | _aBEYOND LAW SCHOOL : A CAREER GUIDE FOR LAW GRADUATE | ||
| 250 | _a2nd ed. | ||
| 260 | _bTRUTH AND SOCIAL PUBLICATION | ||
| 300 | _a122;P | ||
| 650 | _aLAW | ||
| 942 | _cBK | ||
| 999 |
_c9102 _d9100 |
||